| 000 | 00949nam a2200181Ia 4500 | ||
|---|---|---|---|
| 008 | 151202s9999||||xx |||||||||||||| ||und|| | ||
| 082 | _bPNVM-122160 | ||
| 100 | _aसाधुदास. | ||
| 245 | _aहणमंतरावजी कोटणीस-सांगली यांचे चरित्र कैवल्यपुरुषखंड दुसरा. | ||
| 260 | _bकोटणीस रघुनाथ हणमंत सांगली. | ||
| 260 | _c1937 | ||
| 300 | _a554 | ||
| 600 | _aसाधुदास. | ||
| 630 | _aहणमंतरावजी कोटणीस-सांगली यांचे चरित्र कैवल्यपुरुषखंड दुसरा. | ||
| 700 | _aसाधुदास. | ||
| 730 | _aहणमंतरावजी कोटणीस-सांगली यांचे चरित्र कैवल्यपुरुषखंड दुसरा. | ||
| 942 | _cBOOK | ||
| 999 |
_c1352289 _d1352286 |
||